Quizzes
Events
Quiz Creation
Community
Videos
Private Events
Remove Ads
Sign In
Join for FREE
Feedback
Dark Mode
Quiz Categories
Sports
Geography
Music
Movies
Television
Just For Fun
Miscellaneous
History
Literature
Language
Science
Gaming
Entertainment
Religion
Holiday
For Kids
Quiz Lab
Recent
Popular Today
Quiz Kudos Today
Editor Picks
Curator Picks
Quizzes by...
Day
Popularity
Type
Ratings
Length
Year
Community
Subscriptions
Recent Discussions
Orange Saloon
Badges
Playlists
Quests
Create
Leaderboards
Showdown
Live 5
Trivia Bingo
Activity
Puzzle Library
Sporcle Events
Private Events
Virtual Trivia
Globe League
Become a Host
Pub Owners
SporcleCon
Opinionation
Our Games
Videos
Blog
Mobile Apps
Partnerships
Remove Ads and Go Orange
Feedback
Music
Pop Music
The Beatles
Song
Album
Lyrics
Bands
Singers
Artist
Clip
Rock
Rap
Classical
Billboard
Country Music
Kpop
Taylor Swift
Music
Pop Music
The Beatles
Song
Album
Lyrics
Bands
Singers
Artist
Clip
Rock
Rap
Classical
Billboard
Country Music
Kpop
Taylor Swift
Random Quiz
Search Sporcle
×
Quiz Lab
Quiz Lab
Music
Song
Type in answers that appear in a list
Type in answers that appear in a list
Classic
Best Score? Go Orange.
Name RBD Songs Stats
Can you name the RBD Songs?
By
Made_By_MaKe
10m
73 Questions
9,204 Plays
9,204 Plays
9,204 Plays
Comments
Comments
Give Quiz Kudos
Give Quiz Kudos
-
- Ratings
hide this ad
More Info
Replay
Link that replays current quiz
Next Quiz
Link to next quiz in quiz playlist
You Got
0%
They Got
Avg Score
56%
Avg Friend Score
Upgrade to see
Score Distribution
Jump to the score distribution portion of the page
Score
0/73
Timer
10:00
0
Plays Today
album title
% Correct
Rebelde
Rebelde
89.9%
Rebelde
Salvame
82.6%
Celestial
Celestial
81.5%
Nuestro Amor
Nuestro Amor
81.2%
Rebelde
Solo Quedate en Silencio
77.5%
Rebelde
Fuego
76.6%
Rebelde
Futuro Ex-Novio
75.8%
Rebelde
Otro Dia Que Va
74.7%
Rebelde
Un Poco de Tu Amor
74.6%
Rebelde
Ensename
73.3%
Rebelde
Santa No Soy
72.8%
Empezar Desde Cero
Empezar Desde Cero
72.3%
Nuestro Amor
Este Corazon
72%
Nuestro Amor
Aun Hay Algo
71.7%
Nuestro Amor
Tras de Mi
70.5%
Nuestro Amor
Asi Soy Yo
69.1%
Celestial
Ser O Parecer
68.9%
Rebelde
Cuando el Amor Se Acaba
68.6%
Nuestro Amor
Fuera
68.4%
Rebels
Tu Amor
67.4%
Nuestro Amor
Me Voy
66.5%
Rebelde
Tenerte y Quererte
65.6%
Nuestro Amor
Que Hay Detras
65.4%
Para Olvidarte De Mi
Para Olvidarte de Mi
64.4%
Celestial
Besame Sin Miedo
64.1%
Rebels
Carino Mio
63.8%
Nuestro Amor
Una Cancion
63.2%
Empezar Desde Cero
Inalcanzable
63.2%
Nuestro Amor
Feliz Cumpleanos
63.1%
Celestial
Dame
62.9%
Nuestro Amor
A Tu Lado
61%
Para Olvidarte De Mi
Adios
59.2%
Celestial
Algun Dia
58.9%
Nuestro Amor
Solo Para Ti
58.5%
Rebels
Wanna Play
58.1%
Nuestro Amor
Liso, Sensual
57.4%
Nuestro Amor
Que Fue del Amor
57.3%
album title
% Correct
Celestial
Quiza
55.2%
Celestial
Tal Vez Despues
54.8%
Empezar Desde Cero
Y No Puedo Olvidarte
54%
Celestial
Aburrida y Sola
51.8%
Rebels
I Wanna Be the Rain
51.8%
Rebels
Save Me
51.3%
Empezar Desde Cero
Fui la Nina
51%
Empezar Desde Cero
No Digas Nada
47.9%
Empezar Desde Cero
Sueles Volver
47.4%
Empezar Desde Cero
Hoy que Te Vas
46.8%
Celestial
Me Canse
46.6%
Empezar Desde Cero
El Mundo Detras
46.4%
Celestial
Tu Dulce Voz
46.3%
Celestial
Es Por Amor
46%
Empezar Desde Cero
Si No Estas Aqui
45.9%
Rebels
Era la Musica
45.6%
Empezar Desde Cero
Extrana Sensacion
45.5%
Para Olvidarte De Mi
Camino al Sol
45.3%
Para Olvidarte De Mi
Mirame
44.7%
Empezar Desde Cero
A la Orilla
44.5%
Rebels
Connected
43.3%
Para Olvidarte De Mi
Desaparecio
43.2%
Para Olvidarte De Mi
Olvidar
43.1%
Empezar Desde Cero
Amor Fugaz
42.5%
Para Olvidarte De Mi
Mas Tuya Que Mia
42.1%
Para Olvidarte De Mi
Puedes Ver Pero No Tocar
41.6%
Rebels
This Is Love
40.2%
Rebels
My Philosophy
39.7%
Para Olvidarte De Mi
Lagrimas Perdidas
38.7%
Para Olvidarte De Mi
Quien Te Crees
38.6%
Para Olvidarte De Mi
Este Donde Este
37.6%
Empezar Desde Cero
Llueve en Mi Corazon
35.8%
Para Olvidarte De Mi
Hace un Instante
34.8%
Para Olvidarte De Mi
Yo Vivo por Ti
34.2%
Rebels
Happy Worst Day
33.8%
Rebels
Keep It Down Low
31.9%
Quiz Playlist
Details
Report
Send in Message
Add To Playlist
More Info:
Don't worry about accent marks.
Classic:
Type in answers that appear in a list
Quiz Source
Last Updated: Apr 20, 2017
Quiz Scoreboard
CHALLENGE
Sign Up to Join the Scoreboard
Show All
Scores
Hide
Comments
May contain spoilers
Recently Published
Movies - When Are They Set?
by FPL_Elf
Movies
5m
Popular People in 1961
by mucciniale
History
6m
1-10 Letter E Words III
by El_Dandy
Language
2m
More to Explore
Quiz From the Vault
Featured Blog Post
Where Did the Easter Bunny Come From?
hide this ad
You Might Also Like...
Tags
Album Quiz
Song Quiz
Today's Top Quizzes in Music
Browse Music
hide this ad
Today's Top Quizzes in Song
Browse Song
Top Contributed Quizzes in Music
1
Taylor Swift All Songs (2024)
2
2010s Album by Cover III
3
Guess the Artist- 70s Songs
4
One Thing in Common: Music
5
Taylor Swift Logic Puzzle
6
Guess the Taylor Swift song (Mystery Song)
7
2010s Album by Cover IV
8
2010s Album by Cover V
9
KPOP LOGIC QUIZ
10
Kpop Logic Quiz
Explore More
Trending Topics
NBA
Crossword
Anime
Harry Potter
Marvel
Kpop
Disney
Pokémon
Soccer
WWE
NFL
Country
Puzzle
Song
The Office
hide this ad
More By:
Made_By_MaKe
Quiz
Plays
Rating
Category
Featured
Created
Name RBD Songs
9,204
3.63
Music
Dec 4, 2009
Jackson 5 Songs
2,014
4.35
Music
Dec 11, 2009
Go to Creator's Profile
Score Distribution
Quiz Creator Spotlight
Made_By_MaKe
Follow
Send a Message
Quizzes Created
-
Created Quiz Play Count
-
More By This Creator
Popular Quizzes Today
1
Find the Countries of Europe - No Outlines Minefield
2
Find the US States - No Outlines Minefield
3
The Countries of the World
4
Popular People in 1961
5
US States
6
1-10 Letter E Words III
7
Find the US States
8
One Thing in Common: World Cities II
More Music Quizzes
Eleven Letter Music A-Z
Quiz Lab
Trending Quizzes
Risky Map Clicking: Least Populous States A-Z
1-10 Letter F Words
1-10 Letter G Words
One Thing in Common: United Kingdom
Risky Map Clicking: Next State Alphabetically
Recently Updated
Leaping Animals
pecheneg
Reality TV Shows (A-Z)
bhenderson79
Rickey Henderson's Hall of Fame Teammates
pecheneg
Champions League XIs: Arsenal
pecheneg
Quick Pick: Celebrities in WWE's Hall of Fame
aduchscher
A-Z Keypad Blitz II
pecheneg
Multiple Oscar Actors
pecheneg
Mystery Phrase Blitz: Oscar 'Best Actors'
pecheneg
F. Scott Fitzgerald Novels
LTH
Pick 3 Villains
ddd62291
Trending Topics
Harry Potter
Marvel
Disney
Anime
NBA
Crossword
Kpop
Puzzle
Country
Song
NFL
Soccer
WWE
Pokémon
The Office
Your Account Isn't Verified!
In order to create a playlist on Sporcle, you need to verify the email address you used during registration. Go to your
Sporcle Settings
to finish the process.
Report this User
Report this user for behavior that violates our
Community Guidelines
.
Details:
Send Report
Go to the Sporcle.com Mobile Site →
Comments